000 00490nam a22001697a 4500
005 20251108163350.0
008 250721s1964 xx 000 0 ara d
082 1 4 _a177.6/توح
100 1 _aالتوحيدى، أبو حيان
245 1 0 _aرسالة الصداقة و الصديق /
264 1 _aدمشق :
_bدار الفكر،
_c1964.
300 _a540ص.
650 1 7 _aالصداقة
700 1 _aالكيلاني، إبراهيم
_eتحقيق
942 _2ddc
_cBK
999 _c866
_d866